000 00970nam a2200241 4500
001 00234
003 DO-SdBNP
005 20231027134936.0
007 00234
008 160411b19uu|| 00| 0 spa d
040 _aBPMSU
_bspa
_cBPMSU
082 4 _aCo863.44
_bG216n
_222
100 1 _aGarcía Márquez, Gabriel,
_d1927-2014
245 1 _aEl negro que hizo esperar a los ángeles /
_cGabriel García Márquez.
260 _a[s.l
_bs.n.
_c190-?]
300 _a117 p. :
_c19 cm.
505 0 _aNabo, el negro que hizo esperar a los ángeles ; Alguien desordena estas rosas ; La mujer que llegaba a las seis ; Ojos de perro azúl ; Diálogo del espejo ; Amargura para tres sonámbulos ; Eva está dentro de su gato ; La otra costilla de la muerte ; La tercera resignación ; Cinco opiniones sobre un Gabo.
590 _aInventariado, 2023/VM
650 4 _aCuentos colombianos
650 4 _aNegros
_vCuentos
910 _aVMateo V. Control de calidad. BPMSU
942 _2ddc
_cBK
999 _c9689
_d9689